Microprocessors & Microcontrollers (Record no. 224296)

MARC details
000 -LEADER
fixed length control field 00471nam a2200193Ia 4500
008 - FIXED-LENGTH DATA ELEMENTS--GENERAL INFORMATION
fixed length control field 240823s9999||||xx |||||||||||||| ||und||
082 ## - DEWEY DECIMAL CLASSIFICATION NUMBER
-- 004.165Q1
100 ## - MAIN ENTRY--PERSONAL NAME
Personal name Atul Gawande
245 #0 - TITLE STATEMENT
Title Microprocessors & Microcontrollers
250 ## - EDITION STATEMENT
Edition statement II
260 ## - PUBLICATION, DISTRIBUTION, ETC. (IMPRINT)
Date of publication, distribution, etc 2011
Name of publisher, distributor, etc "Technical,Ch"
Place of publication, distribution, etc Pune
500 ## - GENERAL NOTE
General note YES
650 ## - SUBJECT ADDED ENTRY--TOPICAL TERM
Topical term or geographic name as entry element micro controller
700 ## - ADDED ENTRY--PERSONAL NAME
Personal name Atul P Godse
942 ## - ADDED ENTRY ELEMENTS (KOHA)
Item type Books
Holdings
Withdrawn status Lost status Damaged status Permanent location Current location Date acquired Source of acquisition Cost, normal purchase price Full call number Barcode Date last seen Koha item type
      CENTRAL LIBRARY, NOORUL ISLAM CENTRE FOR HIGHER EDUCATION CENTRAL LIBRARY, NOORUL ISLAM CENTRE FOR HIGHER EDUCATION 11/01/2015 "Book On Wheels, Tirunelveli" 410.00 004.165Q1 73126 08/23/2024 Books
Visitors:
Copyright © 2024 Central Library NICHE.  All rights reserved.